000 003930000a22001690004500
005 20120302055800.0
942 _cBOOK
100 _a Sharma,Sriram
245 _a Gaayatree Mahaavidnyaan:Bhag-1
260 _aMathura:Yug Nirmaan Yojanaa
300 _a304p.
040 _aGUJ
650 _aVed
650 _aTatvadnyaan
650 _aGaayatree mantra
650 _aGaayatree Mahaavidnyaan
999 _c349361
_d349358